[Event "España ch 2012 Veteranos"]
[Site "Mondariz ESP"]
[Date "2012.10.11"]
[Round "2.11"]
[White "Vidal Torres, Roberto"]
[Black "Gutierrez Leon, Cristobal"]
[Result "0-1"]
[WhiteElo "1705"]
[BlackElo "1947"]
[PlyCount "72"]
[EventDate "2012.10.10"]
[EventType "swiss"]
[EventRounds "9"]
[EventCountry "ESP"]
[Source "lmi"]
[SourceDate "2012.10.10"]

1. d4 d5 2. c4 e6 3. Nc3 Nf6 4. Bg5 c6 5. Nf3 Be7 6. e3 Nbd7 7. Bd3 h6 8. Bh4
dxc4 9. Bxc4 Nd5 10. Bxe7 Qxe7 11. a3 O-O 12. O-O b6 13. Rc1 Bb7 14. Re1 Rfd8
15. Nxd5 exd5 16. Ba2 Re8 17. Qd3 g6 18. Bb1 Rad8 19. h4 h5 20. Ng5 f5 21. f3
Nf6 22. e4 dxe4 23. fxe4 fxe4 24. Qc4+ Rd5 25. Nxe4 Nxe4 26. Bxe4 Qxe4 27. Rxe4
Rxe4 28. Rd1 Rxh4 29. g3 Rg4 30. Kh2 h4 31. gxh4 Rxh4+ 32. Kg3 Rhh5 33. Qe2
Rdg5+ 34. Kf4 Rf5+ 35. Kg4 Bc8 36. Qe8+ Rf8+ 0-1

[Event "España ch 2012 Veteranos"]
[Site "Mondariz ESP"]
[Date "2012.10.11"]
[Round "2.12"]
[White "Bello Filgueira, Joaquin Anton"]
[Black "Benito Alba, Eladio"]
[Result "1/2-1/2"]
[WhiteElo "1920"]
[BlackElo "1736"]
[PlyCount "126"]
[EventDate "2012.10.10"]
[EventType "swiss"]
[EventRounds "9"]
[EventCountry "ESP"]
[Source "lmi"]
[SourceDate "2012.10.10"]

1. e4 c6 2. d4 d5 3. Nd2 dxe4 4. Nxe4 Bf5 5. Ng3 Bg6 6. h4 h5 7. Nf3 Nd7 8. Bc4
e6 9. Qe2 Ngf6 10. Bg5 Qa5+ 11. c3 Be7 12. O-O O-O 13. b4 Qc7 14. Rfe1 Rfe8 15.
Ne5 Nxe5 16. dxe5 Nd5 17. Nxh5 Rad8 18. Qf3 Bxg5 19. hxg5 Bxh5 20. Qxh5 Nf4 21.
Qg4 Ng6 22. Qg3 Rd2 23. Re3 Red8 24. Rae1 Rd1 25. Bb3 Rxe1+ 26. Rxe1 Rd2 27.
Qe3 Qd8 28. g3 a6 29. Kg2 Rd3 30. Qc1 Rd2 31. Re3 Rd3 32. Bc4 Rd1 33. Qc2 Rd2
34. Rd3 Qxd3 35. Qxd3 Rxd3 36. Bxd3 Nxe5 37. Be2 Kf8 38. f4 Nd7 39. Kf3 Ke7 40.
Ke4 Kd6 41. a3 c5 42. g4 g6 43. f5 exf5+ 44. gxf5 gxf5+ 45. Kxf5 b5 46. Bd1 Ke7
47. a4 bxa4 48. Bxa4 Nb6 49. Bc6 cxb4 50. cxb4 Nd7 51. Bb7 Nb8 52. Bd5 Nd7 53.
Bc4 Nb8 54. Ke4 Nc6 55. b5 axb5 56. Bxb5 Nd8 57. Bc4 Nb7 58. Ke5 Nd6 59. Bd3
Ne8 60. Bc2 Nd6 61. Ba4 Ne8 62. Bxe8 Kxe8 63. Kf6 Kf8 1/2-1/2

[Event "España ch 2012 Veteranos"]
[Site "Mondariz ESP"]
[Date "2012.10.11"]
[Round "2.14"]
[White "Darias Darias, Luis"]
[Black "Iglesias Vidal, Jose Luis"]
[Result "1-0"]
[WhiteElo "1847"]
[BlackElo "1685"]
[PlyCount "73"]
[EventDate "2012.10.10"]
[EventType "swiss"]
[EventRounds "9"]
[EventCountry "ESP"]
[Source "lmi"]
[SourceDate "2012.10.10"]

1. e4 e5 2. f4 exf4 3. Nf3 d5 4. e5 d4 5. Bc4 Nc6 6. O-O Be7 7. d3 g5 8. g3 g4
9. Bxf4 gxf3 10. Qxf3 Be6 11. Nd2 Qd7 12. Bxe6 Qxe6 13. a3 h5 14. b4 a6 15. Nc4
O-O-O 16. Rab1 Qd5 17. Nd6+ Rxd6 18. exd6 Qxf3 19. Rxf3 cxd6 20. b5 axb5 21.
Rxb5 Nf6 22. Bxd6 Bxd6 23. Rxf6 Bxa3 24. Rxf7 Nd8 25. Rff5 Nc6 26. Rxh5 Rxh5
27. Rxh5 Nb4 28. Rc5+ Kd7 29. h4 Ke6 30. Rc7 b6 31. Kg2 Nd5 32. Rc6+ Kf5 33.
Kf3 Ne3 34. h5 Bf8 35. Rxb6 Kg5 36. g4 Nxc2 37. Kg3 1-0

[Event "España ch 2012 Veteranos"]
[Site "Mondariz ESP"]
[Date "2012.10.12"]
[Round "3.1"]
[White "Serra Olives, Tomas"]
[Black "Franco Ocampos, Zenon"]
[Result "1/2-1/2"]
[WhiteElo "2132"]
[BlackElo "2502"]
[PlyCount "70"]
[EventDate "2012.10.10"]
[EventType "swiss"]
[EventRounds "9"]
[EventCountry "ESP"]
[Source "lmi"]
[SourceDate "2012.10.10"]

1. e4 c5 2. Nf3 Nc6 3. d4 cxd4 4. Nxd4 e6 5. Nc3 Qc7 6. Be2 a6 7. O-O b5 8. Be3
Bb7 9. f4 b4 10. Na4 Nf6 11. Bf3 d5 12. exd5 Nxd4 13. Bxd4 Nxd5 14. f5 Bd6 15.
Bxg7 Rg8 16. fxe6 Rxg7 17. exf7+ Kf8 18. Bxd5 Rd8 19. Kh1 Be5 20. Bxb7 Rxd1 21.
Raxd1 Rxf7 22. Bd5 Rxf1+ 23. Rxf1+ Ke8 24. c4 Bxh2 25. Nc5 Qxc5 26. Kxh2 Qd4
27. b3 Qb2 28. Bc6+ Ke7 29. Ba4 Qxa2 30. Rf3 Qc2 31. Rh3 Qe4 32. Rf3 h5 33. Rh3
h4 34. Rf3 a5 35. Rh3 Qf4+ 1/2-1/2

[Event "España ch 2012 Veteranos"]
[Site "Mondariz ESP"]
[Date "2012.10.12"]
[Round "3.2"]
[White "Montecatine Rios, Ricardo"]
[Black "Pastor Alonso De Prado, Albert"]
[Result "1/2-1/2"]
[WhiteElo "2316"]
[BlackElo "2139"]
[PlyCount "67"]
[EventDate "2012.10.10"]
[EventType "swiss"]
[EventRounds "9"]
[EventCountry "ESP"]
[Source "lmi"]
[SourceDate "2012.10.10"]

1. d4 d5 2. c4 Bf5 3. Nf3 e6 4. Nc3 Nc6 5. a3 Nf6 6. Bg5 Be7 7. e3 O-O 8. Bd3
dxc4 9. Bxc4 Ne4 10. Bxe7 Qxe7 11. Rc1 Nxc3 12. Rxc3 e5 13. Nxe5 Nxe5 14. dxe5
Qxe5 15. O-O Rad8 16. Qb3 b6 17. Rd1 Rxd1+ 18. Qxd1 c5 19. h3 Qe7 20. Qf3 Be4
21. Qf4 Bg6 22. Bd5 Rd8 23. e4 Kh8 24. f3 f6 25. Rd3 h6 26. Qd2 f5 27. exf5
Bxf5 28. Be4 Rxd3 29. Qxd3 Be6 30. Qd2 Qc7 31. Bc2 Kg8 32. Qe3 Qd6 33. f4 Qd5
34. Kf2 1/2-1/2

[Event "España ch 2012 Veteranos"]
[Site "Mondariz ESP"]
[Date "2012.10.12"]
[Round "3.3"]
[White "Sanz Bastos, Fernando"]
[Black "Simon Padros, Emili"]
[Result "0-1"]
[WhiteElo "2022"]
[BlackElo "2202"]
[PlyCount "88"]
[EventDate "2012.10.10"]
[EventType "swiss"]
[EventRounds "9"]
[EventCountry "ESP"]
[Source "lmi"]
[SourceDate "2012.10.10"]

1. e4 e6 2. d4 d5 3. Nc3 Nf6 4. Bg5 Bb4 5. Nge2 dxe4 6. a3 Be7 7. Bxf6 Bxf6 8.
Nxe4 Be7 9. N2g3 O-O 10. h4 Nc6 11. c3 h6 12. Qh5 Qd5 13. Qxd5 exd5 14. Nd2 Bg4
15. Be2 Bxe2 16. Kxe2 Rae8 17. Kd3 f5 18. b4 f4 19. Ne2 Nd8 20. Nf3 Bd6 21.
Rae1 Re6 22. Nc1 Rfe8 23. Rxe6 Rxe6 24. Nb3 b6 25. Nbd2 Rg6 26. Rg1 c5 27. Ne5
c4+ 28. Kc2 Bxe5 29. dxe5 Nc6 30. Nf3 b5 31. h5 Rg4 32. Kd2 Kf7 33. Ke2 Ke6 34.
Nd4+ Nxd4+ 35. cxd4 f3+ 36. Kxf3 Rxd4 37. g4 Kxe5 38. g5 Rf4+ 39. Ke2 d4 40.
gxh6 gxh6 41. Rg8 d3+ 42. Ke3 Re4+ 43. Kf3 Rd4 44. Re8+ Kf5 0-1

[Event "España ch 2012 Veteranos"]
[Site "Mondariz ESP"]
[Date "2012.10.12"]
[Round "3.4"]
[White "Casares Ripoll, Fernando"]
[Black "Buxade Roca, Guillermo"]
[Result "1-0"]
[WhiteElo "2149"]
[BlackElo "2128"]
[PlyCount "27"]
[EventDate "2012.10.10"]
[EventType "swiss"]
[EventRounds "9"]
[EventCountry "ESP"]
[Source "lmi"]
[SourceDate "2012.10.10"]

1. e4 c5 2. c3 d5 3. exd5 Qxd5 4. d4 e6 5. Nf3 Nf6 6. Be2 Be7 7. O-O O-O 8. Ne5
cxd4 9. cxd4 Na6 10. Nc3 Qa5 11. Be3 Nc7 12. Nc4 Qf5 13. g4 Qg6 14. Ne5 1-0

[Event "España ch 2012 Veteranos"]
[Site "Mondariz ESP"]
[Date "2012.10.12"]
[Round "3.5"]
[White "Estrada Martinez, Cesar"]
[Black "Diaz Franco, Francisco Jorge"]
[Result "1/2-1/2"]
[WhiteElo "2090"]
[BlackElo "1987"]
[PlyCount "69"]
[EventDate "2012.10.10"]
[EventType "swiss"]
[EventRounds "9"]
[EventCountry "ESP"]
[Source "lmi"]
[SourceDate "2012.10.10"]

1. d4 Nf6 2. c4 e6 3. Nc3 Bb4 4. Qc2 O-O 5. a3 Bxc3+ 6. Qxc3 d6 7. Bg5 Nbd7 8.
Nf3 c5 9. e3 Re8 10. dxc5 dxc5 11. Bd3 e5 12. Nd2 b6 13. Qc2 Qc7 14. Ne4 h6 15.
Nxf6+ Nxf6 16. Bxf6 gxf6 17. O-O-O Bb7 18. Be4 Rad8 19. Bxb7 Qxb7 20. Qf5 Qe7
21. Rd5 Qe6 22. Qxe6 fxe6 23. Rd2 Rxd2 24. Kxd2 Rd8+ 25. Ke2 e4 26. f3 exf3+
27. gxf3 Kf7 28. Rg1 Rg8 29. Rg3 Rg5 30. e4 e5 31. Ke3 Rh5 32. h3 Rh4 33. Kf2
f5 34. exf5 Rxc4 35. Rg6 1/2-1/2

[Event "España ch 2012 Veteranos"]
[Site "Mondariz ESP"]
[Date "2012.10.12"]
[Round "3.6"]
[White "Lorenzo Duran, Marcos"]
[Black "Vinal Gutierrez, Pedro"]
[Result "0-1"]
[WhiteElo "2112"]
[BlackElo "2009"]
[PlyCount "131"]
[EventDate "2012.10.10"]
[EventType "swiss"]
[EventRounds "9"]
[EventCountry "ESP"]
[Source "lmi"]
[SourceDate "2012.10.10"]

1. e4 e6 2. d4 d5 3. e5 c5 4. c3 Nc6 5. Nf3 Qb6 6. a3 c4 7. Nbd2 Na5 8. g3 Bd7
9. Bh3 h6 10. O-O Ne7 11. Nh4 O-O-O 12. Ng2 Nb3 13. Nxb3 cxb3 14. a4 Nc6 15. f4
g6 16. Ne3 h5 17. Bg2 Na5 18. h3 Bc6 19. g4 hxg4 20. hxg4 Bh6 21. Qe2 Kb8 22.
Bd2 Rc8 23. Be1 Qd8 24. Bg3 Qd7 25. g5 Bf8 26. f5 gxf5 27. Rxf5 Ka8 28. Rf6 Bg7
29. Rf4 Qe7 30. Qf2 Be8 31. Rf1 Rc7 32. Bxd5 Qxg5 33. Rg4 Qh6 34. Be4 Bc6 35.
Rh4 Qg5 36. Rxh8+ Bxh8 37. Bxc6 Nxc6 38. Qf4 Qg6 39. Qg4 Qh7 40. Qh4 Qg8 41.
Rf4 Ne7 42. Rg4 Ng6 43. Qh5 Rxc3 44. Kf2 Rc2+ 45. Nxc2 bxc2 46. Qh1 Qc8 47. Qc1
Bg7 48. Rxg6 fxg6 49. Bf4 Qf8 50. Ke2 Qf5 51. Be3 Qe4 52. Kf2 b6 53. Qg1 Kb7
54. Qg5 Qf5+ 55. Qxf5 gxf5 56. Ke2 Kc6 57. Kd2 Kd5 58. Kxc2 Ke4 59. Bg1 Bh6 60.
Kc3 f4 61. Kc4 f3 62. Kb5 Be3 63. d5 Bxg1 64. d6 f2 65. d7 f1=Q+ 66. Kc6 0-1

[Event "España ch 2012 Veteranos"]
[Site "Mondariz ESP"]
[Date "2012.10.12"]
[Round "3.7"]
[White "Sarto Ramos, Angel"]
[Black "Lopez Colon, Francisco"]
[Result "0-1"]
[WhiteElo "2000"]
[BlackElo "2093"]
[PlyCount "142"]
[EventDate "2012.10.10"]
[EventType "swiss"]
[EventRounds "9"]
[EventCountry "ESP"]
[Source "lmi"]
[SourceDate "2012.10.10"]

1. d4 Nf6 2. Nf3 g6 3. Bf4 Bg7 4. Nc3 d5 5. h3 Bf5 6. g4 Be4 7. Nxe4 Nxe4 8. e3
c6 9. Bd3 Nd6 10. Qe2 Qa5+ 11. c3 Nd7 12. h4 O-O-O 13. a4 Nf6 14. b4 Qc7 15.
Ne5 Rdf8 16. f3 Nd7 17. Nxd7 Qxd7 18. b5 c5 19. dxc5 Bxc3+ 20. Kf2 e5 21. Bh6
Bxa1 22. cxd6 Bc3 23. Rc1 d4 24. Bxf8 Rxf8 25. exd4 exd4 26. Qe5 Kb8 27. b6
axb6 28. Bb5 Qe6 29. Qf4 Qa2+ 30. Kg3 Bd2 31. Qe5 Bxc1 32. Qe7 Rc8 33. d7 Qd5
34. dxc8=Q+ Kxc8 35. Qe8+ Kc7 36. Qe7+ Kb8 37. Bd3 Qe6 38. Qd8+ Ka7 39. Qxd4
Qe1+ 40. Qf2 Qe5+ 41. Kg2 Bf4 42. Qe2 Qa1 43. Bb5 Bd6 44. Qf2 Qe5 45. Kh1 Bc5
46. Qg2 Qe1+ 47. Qf1 Qxh4+ 48. Kg2 Bd6 49. Qf2 Qh2+ 50. Kf1 Qe5 51. Qe2 Qa1+
52. Qe1 Qa3 53. Kg2 Bc5 54. Qe2 Qa1 55. Qf1 Qd4 56. Kh2 h5 57. gxh5 gxh5 58.
Qg2 h4 59. Qg4 Qf2+ 60. Qg2 Qe1 61. Kh3 f5 62. Bf1 Be7 63. Be2 Kb8 64. Bb5 Ka7
65. Be2 Bf6 66. Bb5 Be5 67. Be2 Bg3 68. Qf1 Qb4 69. Bb5 Qf4 70. Qe2 Qc1 71. Qg2
Qc8 0-1

[Event "España ch 2012 Veteranos"]
[Site "Mondariz ESP"]
[Date "2012.10.12"]
[Round "3.8"]
[White "Gutierrez Leon, Cristobal"]
[Black "Ciuro Munoz, Ricardo"]
[Result "0-1"]
[WhiteElo "1947"]
[BlackElo "2087"]
[PlyCount "82"]
[EventDate "2012.10.10"]
[EventType "swiss"]
[EventRounds "9"]
[EventCountry "ESP"]
[Source "lmi"]
[SourceDate "2012.10.10"]

1. Nf3 Nf6 2. g3 g6 3. Bg2 Bg7 4. O-O O-O 5. c4 d5 6. cxd5 Nxd5 7. Nc3 Nb6 8.
a4 a5 9. d3 Nc6 10. Bf4 e5 11. Bg5 f6 12. Bd2 Be6 13. Qc1 Bg4 14. Nb5 Rc8 15.
Qc5 Be6 16. Rfc1 Rf7 17. Qc2 Nd5 18. Bc3 Ncb4 19. Qd2 Rd7 20. Ne1 Nxc3 21. bxc3
Nc6 22. Bxc6 bxc6 23. Na7 Ra8 24. Nxc6 Qf8 25. Qb2 Bd5 26. Qb5 Qd6 27. Nxa5 c6
28. Qb6 Rb8 29. Qe3 Qf8 30. Rcb1 Re8 31. c4 Bf7 32. Nxc6 f5 33. Qb6 e4 34. Ra2
exd3 35. exd3 Qd6 36. a5 Bc3 37. Ng2 Qxd3 38. a6 Bxc4 39. Raa1 Bxa1 40. Rxa1
Qc3 41. Rb1 Bd5 0-1

[Event "España ch 2012 Veteranos"]
[Site "Mondariz ESP"]
[Date "2012.10.12"]
[Round "3.9"]
[White "Coll Pons, Guillem"]
[Black "Darias Darias, Luis"]
[Result "1-0"]
[WhiteElo "2040"]
[BlackElo "1847"]
[PlyCount "77"]
[EventDate "2012.10.10"]
[EventType "swiss"]
[EventRounds "9"]
[EventCountry "ESP"]
[Source "lmi"]
[SourceDate "2012.10.10"]

1. d4 d5 2. c4 e5 3. dxe5 d4 4. Nf3 Nc6 5. g3 Be6 6. Nbd2 a5 7. Bg2 a4 8. O-O
Be7 9. a3 Nh6 10. b4 Ng4 11. Bb2 O-O 12. Qc2 f6 13. exf6 Bxf6 14. Ne4 Bf5 15.
Nxf6+ Qxf6 16. Qd2 Rad8 17. Rad1 Qf7 18. Rc1 d3 19. e4 Bxe4 20. Qg5 Nf6 21. b5
Bxf3 22. Bxf3 Nd4 23. Bxd4 Rxd4 24. Bxb7 d2 25. Rcd1 Rfd8 26. Bd5 R8xd5 27.
cxd5 Rxd5 28. Qf4 Qd7 29. Qxa4 Rd4 30. Qb3+ Kh8 31. a4 Qh3 32. Qe3 Re4 33. Qxd2
h5 34. Qc2 g6 35. Rd8+ Kg7 36. Qxc7+ Kh6 37. Rh8+ Kg5 38. Qc1+ Kf5 39. Qc8+ 1-0

[Event "España ch 2012 Veteranos"]
[Site "Mondariz ESP"]
[Date "2012.10.12"]
[Round "3.10"]
[White "Sio Areal, Manuel"]
[Black "Hostalet Ferrer, Pedro Enrique"]
[Result "0-1"]
[WhiteElo "1415"]
[BlackElo "2031"]
[PlyCount "68"]
[EventDate "2012.10.10"]
[EventType "swiss"]
[EventRounds "9"]
[EventCountry "ESP"]
[Source "lmi"]
[SourceDate "2012.10.10"]

1. d4 d5 2. Nf3 Nf6 3. Bf4 c5 4. e3 Nc6 5. c3 e6 6. Nbd2 Bd6 7. Ne5 Bxe5 8.
dxe5 Nd7 9. Nf3 O-O 10. Bd3 f5 11. exf6 Nxf6 12. h3 Qe7 13. O-O e5 14. Bxh7+
Kxh7 15. Qc2+ e4 16. Ng5+ Kg8 17. g4 Nh7 18. Nxh7 Kxh7 19. Kg2 Ne5 20. Rad1 Nd3
21. Bg3 c4 22. Qe2 Rf3 23. Rh1 Be6 24. Rh2 Raf8 25. Kh1 b6 26. Rg1 R8f7 27.
Rhg2 b5 28. b4 Qf6 29. Qc2 Nxf2+ 30. Bxf2 Rxf2 31. Qd1 Rxg2 32. Kxg2 Qf2+ 33.
Kh1 Rf3 34. Rg2 Rxh3+ 0-1

[Event "España ch 2012 Veteranos"]
[Site "Mondariz ESP"]
[Date "2012.10.12"]
[Round "3.12"]
[White "Garcia Sanchez, Jose Manuel"]
[Black "Bello Filgueira, Joaquin Anton"]
[Result "0-1"]
[WhiteElo "1874"]
[BlackElo "1920"]
[PlyCount "108"]
[EventDate "2012.10.10"]
[EventType "swiss"]
[EventRounds "9"]
[EventCountry "ESP"]
[Source "lmi"]
[SourceDate "2012.10.10"]

1. e4 c5 2. Nf3 e6 3. d4 cxd4 4. Nxd4 a6 5. Nc3 Qc7 6. a3 Nf6 7. Bd3 d6 8. Be3
Nc6 9. Qe2 Be7 10. O-O Ne5 11. Kh1 Nxd3 12. cxd3 e5 13. Nf3 Bg4 14. Rac1 Qd7
15. Bg5 Rc8 16. Bxf6 Bxf6 17. Nd5 Bd8 18. Qe3 Rxc1 19. Rxc1 O-O 20. h3 Be6 21.
Nc3 h6 22. d4 exd4 23. Qxd4 Bf6 24. Qe3 Rc8 25. Nd4 Bxd4 26. Qxd4 Rc4 27. Qe3
Qc7 28. Ne2 Qc5 29. Rc3 b5 30. b4 Qxe3 31. Rxe3 Rc2 32. f3 Bc4 33. Nd4 Rc1+ 34.
Kh2 g6 35. h4 h5 36. f4 Rd1 37. Nf3 Kf8 38. f5 Rd3 39. Rxd3 Bxd3 40. fxg6 Bxe4
41. gxf7 Bxf3 42. gxf3 Kxf7 43. Kg3 Kf6 44. Kf4 d5 45. Ke3 Ke5 46. Kd3 Kf4 47.
Kd4 Kxf3 48. Kxd5 Kg4 49. Ke4 Kxh4 50. Kf4 Kh3 51. Kf3 h4 52. Kf2 Kg4 53. Kg2
h3+ 54. Kh2 Kh4 0-1

[Event "España ch 2012 Veteranos"]
[Site "Mondariz ESP"]
[Date "2012.10.12"]
[Round "3.13"]
[White "Oneto Zarco, Jose"]
[Black "Fernandez Garcia, Ignacio"]
[Result "1-0"]
[WhiteElo "2013"]
[BlackElo "1793"]
[PlyCount "61"]
[EventDate "2012.10.10"]
[EventType "swiss"]
[EventRounds "9"]
[EventCountry "ESP"]
[Source "lmi"]
[SourceDate "2012.10.10"]

1. e4 d6 2. d4 g6 3. Bc4 Bg7 4. Nf3 Nf6 5. Nc3 c6 6. a4 O-O 7. Bb3 Na6 8. O-O
c5 9. Be3 Bg4 10. h3 Bxf3 11. Qxf3 Rc8 12. e5 Ne8 13. Qxb7 cxd4 14. Bxd4 dxe5
15. Bxa7 Nc5 16. Qb4 Nxb3 17. Qxb3 Nd6 18. Rfd1 Qc7 19. Bb6 Qb7 20. a5 Nc4 21.
Nd5 e6 22. a6 Qxd5 23. Rxd5 exd5 24. a7 e4 25. Bc7 Ra8 26. c3 e3 27. fxe3 Bh6
28. Bb8 Bxe3+ 29. Kh1 Bb6 30. Qb5 Rd8 31. b3 1-0

[Event "España ch 2012 Veteranos"]
[Site "Mondariz ESP"]
[Date "2012.10.12"]
[Round "3.14"]
[White "Salgado Gonzalez, Julio"]
[Black "Vidal Torres, Roberto"]
[Result "1-0"]
[WhiteElo "1836"]
[BlackElo "1705"]
[PlyCount "69"]
[EventDate "2012.10.10"]
[EventType "swiss"]
[EventRounds "9"]
[EventCountry "ESP"]
[Source "lmi"]
[SourceDate "2012.10.10"]

1. d4 Nf6 2. Nf3 e6 3. Bg5 Be7 4. e3 d5 5. Bd3 h6 6. Bxf6 Bxf6 7. O-O Nd7 8. c3
O-O 9. Nbd2 b6 10. Qe2 Bb7 11. Rad1 e5 12. dxe5 Nxe5 13. Bc2 Qe7 14. Nd4 g6 15.
N2f3 c5 16. Nxe5 Bxe5 17. Nf3 Bg7 18. Rfe1 Rfe8 19. h4 d4 20. cxd4 cxd4 21.
Nxd4 Qxh4 22. Nf3 Qg4 23. Bb3 Bxf3 24. Qxf3 Qxf3 25. gxf3 Bxb2 26. Rd7 Rf8 27.
Red1 Bf6 28. Rb7 Rad8 29. Rc1 Kg7 30. Rcc7 g5 31. Rxf7+ Rxf7 32. Rxf7+ Kg6 33.
Rxa7 h5 34. Bc2+ Kh6 35. Rh7# 1-0

[Event "España ch 2012 Veteranos"]
[Site "Mondariz ESP"]
[Date "2012.10.13"]
[Round "4.1"]
[White "Franco Ocampos, Zenon"]
[Black "Casares Ripoll, Fernando"]
[Result "1-0"]
[WhiteElo "2502"]
[BlackElo "2149"]
[PlyCount "141"]
[EventDate "2012.10.10"]
[EventType "swiss"]
[EventRounds "9"]
[EventCountry "ESP"]
[Source "lmi"]
[SourceDate "2012.10.10"]

1. c4 f5 2. g3 Nf6 3. Bg2 e5 4. d4 exd4 5. Qxd4 Nc6 6. Qe3+ Qe7 7. Nc3 Qxe3 8.
Bxe3 Bb4 9. Bd2 Nd4 10. O-O-O O-O 11. Nd5 Bxd2+ 12. Rxd2 Nxd5 13. cxd5 Nb5 14.
Nf3 Re8 15. Rhd1 a5 16. e3 a4 17. Rc2 d6 18. Bf1 Bd7 19. Bxb5 Bxb5 20. Nd4 Bd7
21. Rxc7 Rac8 22. Rc2 Kf7 23. Rd3 Rc5 24. Rdc3 b6 25. Ne2 Rxd5 26. Rc7 Re7 27.
Rb7 b5 28. Nf4 Rde5 29. Nd3 Rd5 30. Nb4 Rde5 31. Rb6 f4 32. gxf4 Rh5 33. Rxd6
Rxh2 34. f3 Rxc2+ 35. Kxc2 Be6 36. e4 Rc7+ 37. Kd1 Rd7 38. Rxd7+ Bxd7 39. Ke2
Ke6 40. f5+ Kd6 41. Ke3 Be8 42. Nd3 Bf7 43. a3 Bc4 44. Nf4 Bf7 45. Kd4 h5 46.
e5+ Ke7 47. Ng2 Be8 48. Nh4 Kd7 49. Kd3 Ke7 50. Ke4 Kd7 51. Kf4 Kc6 52. Kg5 Kd5
53. f4 Kc4 54. f6 gxf6+ 55. Kxf6 Kb3 56. Ke7 Kxb2 57. Kxe8 b4 58. axb4 a3 59.
e6 a2 60. e7 a1=Q 61. Kf8 Qa4 62. e8=Q Qxb4+ 63. Kg7 Qxf4 64. Qe2+ Ka3 65. Nf3
h4 66. Ne5 Qg3+ 67. Kf6 h3 68. Qa6+ Kb2 69. Nc4+ Kb1 70. Qb5+ Kc2 71. Qb2+ 1-0

[Event "España ch 2012 Veteranos"]
[Site "Mondariz ESP"]
[Date "2012.10.13"]
[Round "4.2"]
[White "Simon Padros, Emili"]
[Black "Montecatine Rios, Ricardo"]
[Result "1/2-1/2"]
[WhiteElo "2202"]
[BlackElo "2316"]
[PlyCount "60"]
[EventDate "2012.10.10"]
[EventType "swiss"]
[EventRounds "9"]
[EventCountry "ESP"]
[Source "lmi"]
[SourceDate "2012.10.10"]

1. e4 d6 2. d4 Nf6 3. Nc3 e5 4. Nf3 Nbd7 5. Bc4 Be7 6. dxe5 dxe5 7. O-O O-O 8.
h3 c6 9. a4 a5 10. Qe2 Qc7 11. Bg5 Nc5 12. Bh4 Nh5 13. Bxe7 Qxe7 14. Qe3 Nf4
15. Ne2 Nxe2+ 16. Bxe2 f6 17. b3 Be6 18. Rad1 Rfd8 19. Rxd8+ Rxd8 20. Rd1 Rxd1+
21. Bxd1 b5 22. axb5 cxb5 23. Be2 b4 24. Ne1 a4 25. bxa4 Nxa4 26. Nd3 Nc3 27.
Bg4 Bc4 28. Nb2 Bf7 29. Nd3 Bc4 30. Nb2 Bf7 1/2-1/2

[Event "España ch 2012 Veteranos"]
[Site "Mondariz ESP"]
[Date "2012.10.13"]
[Round "4.3"]
[White "Pastor Alonso De Prado, Albert"]
[Black "Serra Olives, Tomas"]
[Result "0-1"]
[WhiteElo "2139"]
[BlackElo "2132"]
[PlyCount "54"]
[EventDate "2012.10.10"]
[EventType "swiss"]
[EventRounds "9"]
[EventCountry "ESP"]
[Source "lmi"]
[SourceDate "2012.10.10"]

1. e4 e5 2. Nc3 Nf6 3. Nf3 Nc6 4. Bb5 Bd6 5. Bxc6 dxc6 6. d4 exd4 7. Qxd4 O-O
8. O-O Be7 9. Qxd8 Rxd8 10. Bf4 Ne8 11. h3 Be6 12. Rfd1 Rxd1+ 13. Rxd1 Rd8 14.
Rxd8 Bxd8 15. Nd4 Bd7 16. g4 Nd6 17. b3 c5 18. Nf5 Nxf5 19. gxf5 c6 20. Be3 b6
21. Ne2 Bf6 22. Kg2 Bc8 23. Bf4 c4 24. bxc4 Ba6 25. e5 Be7 26. Nd4 Bxc4 27.
Nxc6 Bd5+ 0-1

[Event "España ch 2012 Veteranos"]
[Site "Mondariz ESP"]
[Date "2012.10.13"]
[Round "4.4"]
[White "Lopez Colon, Francisco"]
[Black "Coll Pons, Guillem"]
[Result "0-1"]
[WhiteElo "2093"]
[BlackElo "2040"]
[PlyCount "110"]
[EventDate "2012.10.10"]
[EventType "swiss"]
[EventRounds "9"]
[EventCountry "ESP"]
[Source "lmi"]
[SourceDate "2012.10.10"]

1. d4 d5 2. c4 c6 3. e3 e6 4. Nc3 Nf6 5. Nf3 Bd6 6. Bd3 O-O 7. O-O Nbd7 8. e4
dxc4 9. Bxc4 e5 10. Bg5 h6 11. Bh4 exd4 12. Qxd4 Bc5 13. Qd1 Qe7 14. Qc2 Bb4
15. Rfe1 Ne5 16. Nxe5 Qxe5 17. Bg3 Qe7 18. a3 Bxc3 19. bxc3 Nh5 20. Qb3 Nxg3
21. hxg3 b5 22. Bf1 a5 23. Rab1 Be6 24. Qb2 Qc5 25. Rbd1 Rfd8 26. Rd4 Qb6 27.
Red1 Rxd4 28. cxd4 b4 29. f4 Bg4 30. Rb1 c5 31. dxc5 Qxc5+ 32. Qf2 Qc3 33. axb4
axb4 34. Qb2 Qxg3 35. Qxb4 Qxf4 36. Bc4 Be6 37. Bxe6 fxe6 38. Qc4 Qe3+ 39. Kh1
Re8 40. Qc6 Re7 41. Rf1 Qg5 42. Qa8+ Kh7 43. Rf8 Qh5+ 44. Kg1 Rf7 45. Rxf7 Qxf7
46. Qc6 e5 47. Qd6 Qf4 48. Qc6 h5 49. Qc2 h4 50. Qe2 g6 51. Qd3 Qg3 52. Qd5 h3
53. Qd7+ Kh6 54. Qxh3+ Qxh3 55. gxh3 Kg5 0-1

[Event "España ch 2012 Veteranos"]
[Site "Mondariz ESP"]
[Date "2012.10.13"]
[Round "4.5"]
[White "Hostalet Ferrer, Pedro Enrique"]
[Black "Estrada Martinez, Cesar"]
[Result "0-1"]
[WhiteElo "2031"]
[BlackElo "2090"]
[PlyCount "162"]
[EventDate "2012.10.10"]
[EventType "swiss"]
[EventRounds "9"]
[EventCountry "ESP"]
[Source "lmi"]
[SourceDate "2012.10.10"]

1. d4 g6 2. c4 Bg7 3. Nc3 d6 4. e4 Nc6 5. Nf3 Bg4 6. Be3 e5 7. dxe5 dxe5 8. Be2
Nf6 9. O-O O-O 10. h3 Bxf3 11. Bxf3 Nd4 12. Nd5 c6 13. Nxf6+ Bxf6 14. Be2 c5
15. Bxd4 cxd4 16. Bd3 Qd7 17. Qg4 Rad8 18. Qxd7 Rxd7 19. g3 Be7 20. f4 f6 21.
fxe5 fxe5 22. Rxf8+ Bxf8 23. Rc1 b6 24. Kg2 Be7 25. Rc2 Rc7 26. h4 Kg7 27. Kh3
a5 28. g4 h6 29. Rf2 Bb4 30. Re2 Rf7 31. Kg3 Rf1 32. a3 Be7 33. Rh2 Re1 34. Kf2
Re3 35. Bc2 Bc5 36. b4 axb4 37. axb4 Bxb4 38. h5 Rc3 39. Bd1 Rxc4 40. hxg6 Rc1
41. Bb3 Rc3 42. Ba4 Bc5 43. Rh5 d3+ 44. Ke1 Ra3 45. Bb5 Bb4+ 46. Kf1 Ra1+ 47.
Kg2 d2 48. Be2 d1=Q 49. Bxd1 Rxd1 50. Rxe5 Kxg6 51. Re6+ Kg5 52. Rxb6 Bf8 53.
Rb8 Bg7 54. Rb7 Be5 55. Rb6 Bf4 56. Kf3 Rd3+ 57. Kf2 Kxg4 58. e5 Rd2+ 59. Ke1
Rd5 60. Re6 h5 61. Re8 Bxe5 62. Kf2 Bg3+ 63. Kg2 Rd2+ 64. Kf1 Kh3 65. Rf8 h4
66. Rh8 Rd1+ 67. Ke2 Re1+ 68. Kf3 Rf1+ 69. Ke2 Kg2 70. Rg8 Re1+ 71. Kd2 h3 72.
Rxg3+ Kxg3 73. Kxe1 Kg2 74. Ke2 h2 75. Ke1 h1=Q+ 76. Ke2 Qh3 77. Ke1 Qc3+ 78.
Kd1 Qb2 79. Ke1 Kf3 80. Kd1 Ke3 81. Ke1 Qe2# 0-1

[Event "España ch 2012 Veteranos"]
[Site "Mondariz ESP"]
[Date "2012.10.13"]
[Round "4.6"]
[White "Ciuro Munoz, Ricardo"]
[Black "Diaz Franco, Francisco Jorge"]
[Result "1/2-1/2"]
[WhiteElo "2087"]
[BlackElo "1987"]
[PlyCount "69"]
[EventDate "2012.10.10"]
[EventType "swiss"]
[EventRounds "9"]
[EventCountry "ESP"]
[Source "lmi"]
[SourceDate "2012.10.10"]

1. e4 c5 2. Nf3 e6 3. d3 Nc6 4. g3 Nge7 5. Bg2 d5 6. Nbd2 dxe4 7. dxe4 Ng6 8.
O-O Be7 9. Re1 Qc7 10. c3 O-O 11. Qe2 Nge5 12. Nc4 Nxf3+ 13. Bxf3 b5 14. Nd2
Ne5 15. Bg2 c4 16. Nf3 Nd3 17. Rd1 Rd8 18. Ne1 Nxc1 19. Raxc1 Bb7 20. Rxd8+
Rxd8 21. Rd1 Bc5 22. Rxd8+ Qxd8 23. Nf3 h6 24. h4 a5 25. a3 Ba6 26. Qd2 Qc7 27.
Kh2 Bb7 28. Ne1 Qb6 29. Kg1 b4 30. axb4 axb4 31. Nc2 b3 32. Nb4 Qd6 33. Qxd6
Bxd6 34. e5 Bxb4 35. Bxb7 1/2-1/2